000 00272nam a2200109Ia 4500
008 200302s9999 xx 000 0 und d
100 _aAuthor
245 _aNational Building code of India Group 3
260 _bBureau of Indian Standards
260 _c2005
300 _a69 P.,
999 _c3050
_d3050